| 000 | 00593nam a2200193Ia 4500 | ||
|---|---|---|---|
| 005 | 20251020182614.0 | ||
| 008 | 200515s9999 xx 000 0 und d | ||
| 082 | _aSC/691.55/C43 | ||
| 110 | _aIcic | ||
| 245 | 0 | _aManual del yesero | |
| 260 | _aMéxico, D.F. | ||
| 260 | _c1982 | ||
| 300 | _as.n. | ||
| 520 | _aEl "Manual del Yesero" forma parte de un conjunto de manuales de ocupaciones del área de edificación. Su objeto principal es el de indicar el proceso correcto de ejecución de las operaciones | ||
| 650 | _aMANUALES | ||
| 650 | _aPUB ICIC | ||
| 650 | _aYESO | ||
| 942 | _cLIB | ||
| 999 |
_c3457 _d3457 |
||